[Event "IECG CB.2003.0.00100 email"]
[Site "IECG email"]
[Date "2003.11.30"]
[Round "?"]
[White "Gonzales, Arianna"]
[Black "Fages, Jorge Juan"]
[Result "0-1"]
[WhiteElo "1960"]
[BlackElo "1957"]
[PlyCount "36"]
[EventDate "2003.11.30"]
[EventType "tourn (corr)"]
[EventRounds "6"]
[SourceTitle "Corr 2008"]
[Source "ChessBase"]
[SourceDate "2008.06.24"]
[SourceVersion "1"]
[SourceVersionDate "2008.06.24"]
[SourceQuality "1"]

1. d4 Nf6 2. c4 e6 3. Nc3 Bb4 4. Qc2 0-0 5. e4 d6 6. e5 dxe5 7. dxe5 Ng4 8. Nf3 Nc6 9. Bf4 Nd4 10. Qe4 c5 11. h3 f5 12. Qd3 Nxf3+ 13. Qxf3 Qd4 14. hxg4 fxg4 15. Qd3 Qxf4 16. Qxh7+ Kf7 17. Qh5+ Ke7 18. Qh4+ g5 0-1

[Event "IECG CB.2003.0.00100 email"]
[Site "IECG email"]
[Date "2003.11.30"]
[Round "?"]
[White "Gonzales, Arianna"]
[Black "Orsolic, Marijan"]
[Result "0-1"]
[WhiteElo "1960"]
[BlackElo "1994"]
[PlyCount "34"]
[EventDate "2003.11.30"]
[EventType "tourn (corr)"]
[EventRounds "6"]
[SourceTitle "Corr 2008"]
[Source "ChessBase"]
[SourceDate "2008.06.24"]
[SourceVersion "1"]
[SourceVersionDate "2008.06.24"]
[SourceQuality "1"]

1. d4 Nf6 2. c4 g6 3. Nc3 Bg7 4. e4 d6 5. Be2 0-0 6. Nf3 e5 7. Be3 Ng4 8. Bg5 f6 9. Bh4 Nc6 10. d5 Ne7 11. Nd2 h5 12. h3 Nh6 13. g4 hxg4 14. hxg4 Nf7 15. Qc2 c5 16. 0-0-0 a6 17. Rh2 Bd7 0-1

[Event "IECG CB.2003.0.00100 email"]
[Site "IECG email"]
[Date "2003.11.30"]
[Round "?"]
[White "Gralke, Wolfgang"]
[Black "Gonzales, Arianna"]
[Result "1-0"]
[WhiteElo "1801"]
[BlackElo "1960"]
[PlyCount "35"]
[EventDate "2003.11.30"]
[EventType "tourn (corr)"]
[EventRounds "6"]
[SourceTitle "Corr 2008"]
[Source "ChessBase"]
[SourceDate "2008.06.24"]
[SourceVersion "1"]
[SourceVersionDate "2008.06.24"]
[SourceQuality "1"]

1. e4 c5 2. Nf3 d6 3. d4 cxd4 4. Nxd4 Nf6 5. Nc3 a6 6. Be2 e5 7. Nb3 Be7 8. 0-0 0-0 9. Be3 Be6 10. Nd5 Nbd7 11. Qd3 Bxd5 12. exd5 Nc5 13. Nxc5 dxc5 14. c4 e4 15. Qb3 Qc7 16. Rad1 Bd6 17. g3 Nd7 18. Rfe1 1-0